000
00210 a2200097 4500
001
26059
100
_a
Chi S W
245
_a
Heat pipe theory and practice
260
_a
_b
McGraw-Hill
_c
090
_c
17622
_d
17622
942
_a
NUST-CAE
_c
M
_c
8472
999
_c
261132
_d
261132